| 000 | 00825ntaaa2200217 4500 | ||
|---|---|---|---|
| 003 | 01 | ||
| 005 | 20251027202445.0 | ||
| 008 | 0714s1973 ag 01 | ||
| 040 |
_aAR-BaBN _bspa _cAR-BaBN _eaacr _dRIC |
||
| 082 | _a266.0700 M99 | ||
| 100 |
_aMyklebust, Olav Guttorm _923443 |
||
| 245 | _aStudy of missions in the theological education; vol. 1: to 1910, vol. 2: 1910 to 1950. | ||
| 250 | _a1 ed. | ||
| 260 |
_aOslo : _bForlaget Land Og Kirke, _c1955 |
||
| 300 | _a2 tomos | ||
| 500 | _aan historical inquiry into the place of world evangelization in western protestant ministerial training with particular reference to Alexander Duff's chair of evangelistic theology | ||
| 650 |
_aEstudio de Misiones _923444 |
||
| 650 |
_aEducación Teológica-Estudio de Misiones _923445 |
||
| 650 |
_aAlexander Duff _923446 |
||
| 942 | _cBK | ||
| 999 |
_c19569 _d19569 |
||